Алгоритмы для чайников (Запись № 12074226)

Подробности
000 -МАРКЕР
контрольное поле 02117nam0a2200409 4500
001 - ИДЕНТИФИКАТОР ЗАПИСИ
контрольное поле RU\NLR\BIBL_A\012470052
005 - ИДЕНТИФИКАТОР ВЕРСИИ
контрольное поле 20211117164823.0
010 ## - МЕЖДУНАРОДНЫЙ СТАНДАРТНЫЙ НОМЕР КНИГИ (ISBN)
Номер (ISBN) 978-5-9909446-2-6
Уточнения рус.
Тираж 200
021 ## - НОМЕР ГОСУДАРСТВЕННОЙ РЕГИСТРАЦИИ
Код страны Российская Федерация
Номер КН-П-20-067073
Номер Листа государственной регистраци КН-П-20-5044
035 ## - ДРУГИЕ СИСТЕМНЫЕ НОМЕРА
Идентификатор записи (NLR Aleph) 012470052
035 ## - ДРУГИЕ СИСТЕМНЫЕ НОМЕРА
Идентификатор записи (RuMoRGB)010462249
100 ## - ДАННЫЕ ОБЩЕЙ ОБРАБОТКИ
Данные общей обработки 20210310d2019 u y0rusy50 ca
101 1# - ЯЗЫК РЕСУРСА
Язык текста, звукозаписи и т.д. русский
Язык оригинала английский
102 ## - СТРАНА ПУБЛИКАЦИИ ИЛИ ПРОИЗВОДСТВА
Страна публикации Российская Федерация
105 ## - ПОЛЕ КОДИРОВАННЫХ ДАННЫХ: ТЕКСТОВЫЕ МАТЕРИАЛЫ, МОНОГРАФИЧЕСКИЕ
Кодированные данные о монографическом текстовом документе a|||z|||001zy
181 #0 - ПОЛЕ КОДИРОВАННЫХ ДАННЫХ: ВИД СОДЕРЖАНИЯ
Код вида содержания (ISBD) i
Код характеристики содержания (ISBD) axxe
182 #0 - ПОЛЕ КОДИРОВАННЫХ ДАННЫХ: ТИП СРЕДСТВА
Код типа средства (ISBD) n - непосредственное
200 1# - ЗАГЛАВИЕ И СВЕДЕНИЯ ОБ ОТВЕТСТВЕННОСТИ
Основное заглавие Алгоритмы для чайников
Сведения, относящиеся к заглавию [алгоритмы и реальные практические задачи, получение навыков применения алгоритмов, как использовать Python для проверки работы алгоритмов
-- перевод с английского]
Первые сведения об ответственности Джон Поль Мюллер, Лука Массарон
203 ## - ВИД СОДЕРЖАНИЯ И ТИП СРЕДСТВА
Вид содержания Текст
Дополнительные сведения об издании визуальный
Тип средства непосредственный
210 ## - ПУБЛИКАЦИЯ, РАСПРОСТРАНЕНИЕ И ДР.
Место издания, распространения и т.д. Москва
-- Санкт-Петербург
Имя издателя, распространителя и т. д. Диалектика
Дата издания, распространения и т.д. 2019
215 ## - ФИЗИЧЕСКАЯ ХАРАКТЕРИСТИКА
Специфическое обозначение материала и объем 454 с.
Другие сведения о физической характеристике ил.
Размеры 24
225 1# - СЕРИЯ
Основное заглавие серии Ведь это так просто!
225 1# - СЕРИЯ
Основное заглавие серии Для чайников
320 ## - ПРИМЕЧАНИЯ О НАЛИЧИИ В ДОКУМЕНТЕ БИБЛИОГРАФИИ / УКАЗАТЕЛЯ
Текст примечания Предм. указ.: с. 451-454
454 #0 - ОРИГИНАЛ (ПЕРЕВОДА)
Встроенное поле 2001#$aAlgorithms for dummies$fJohn Paul Mueller, Luca Massaron
-- 700#1$aMueller$bJ. P.$f1958-$cпрограммист$gJohn Paul$3RU\NLR\AUTH\7714678
-- 701#1$aMassaron$bL.$gLuca
Заглавие Algorithms for dummies
Автор Mueller, John Paul (программист ; 1958-)
606 1# - НАИМЕНОВАНИЕ ТЕМЫ КАК ПРЕДМЕТ
Наименование темы Алгоритмика
Тематический подзаголовок Задачи
-- Решение
Системный номер авторитетной/нормативной записи 2228217
Идентификатор авторитетной/нормативной записи RU\NLR\AUTH\661337535
606 1# - НАИМЕНОВАНИЕ ТЕМЫ КАК ПРЕДМЕТ
Наименование темы PYTHON, язык программирования
Тематический подзаголовок Задачи
-- Решение
Системный номер авторитетной/нормативной записи 2356734
Идентификатор авторитетной/нормативной записи RU\NLR\AUTH\6601630205
686 1# - ИНДЕКСЫ ДРУГИХ КЛАССИФИКАЦИЙ
Индекс З973.2-018я7-41
686 1# - ИНДЕКСЫ ДРУГИХ КЛАССИФИКАЦИЙ
Индекс В127я7-41
700 #1 - ИМЯ ЛИЦА - ПЕРВИЧНАЯ ОТВЕТСТВЕННОСТЬ
Графика поля Кириллица
Материалы, к которым относится поле rus
Начальный элемент ввода Мюллер
Часть имени, кроме начального элемента ввода Д. П.
Дополнения к именам, кроме дат программист
Даты 1958-
Расширение инициалов личного имени Джон Пол
Системный номер авторитетной/нормативной записи 124346
Идентификатор авторитетной/нормативной записи RU\NLR\AUTH\7714676
701 #1 - ИМЯ ЛИЦА - АЛЬТЕРНАТИВНАЯ ОТВЕТСТВЕННОСТЬ
Начальный элемент ввода Массарон
Часть имени, кроме начального элемента ввода Л.
Расширение инициалов личного имени Лука
942 ## - ДОПОЛНИТЕЛЬНЫЕ ЭЛЕМЕНТЫ ЗАПИСИ (АБИС)
Тип экземпляра АБИС Книга
980 ## - КОЛЛЕКЦИЯ
Название коллекции НБР
980 ## - КОЛЛЕКЦИЯ
Название коллекции Национальная библиография

Нет доступных экземпляров.